<?xml version="1.0" encoding="UTF-8"?>
<collection xmlns="http://www.loc.gov/MARC21/slim">
 <record>
  <leader>01353nam a2200229Ia 4500</leader>
  <controlfield tag="001">TDMU_30587</controlfield>
  <controlfield tag="008">210410s9999    xx            000 0 und d</controlfield>
  <datafield tag="082" ind1=" " ind2=" ">
   <subfield code="a">070.01</subfield>
  </datafield>
  <datafield tag="090" ind1=" " ind2=" ">
   <subfield code="b">V500</subfield>
  </datafield>
  <datafield tag="100" ind1=" " ind2=" ">
   <subfield code="a">Vũ, Thanh</subfield>
  </datafield>
  <datafield tag="245" ind1=" " ind2="0">
   <subfield code="a">Nhất thống Sơn Hà</subfield>
  </datafield>
  <datafield tag="245" ind1=" " ind2="0">
   <subfield code="c">Vũ Thanh</subfield>
  </datafield>
  <datafield tag="245" ind1=" " ind2="0">
   <subfield code="n">T.2</subfield>
  </datafield>
  <datafield tag="245" ind1=" " ind2="0">
   <subfield code="p">Rạch Gầm - Xoài Mút</subfield>
  </datafield>
  <datafield tag="260" ind1=" " ind2=" ">
   <subfield code="a">H.</subfield>
  </datafield>
  <datafield tag="260" ind1=" " ind2=" ">
   <subfield code="b">Hội nhà văn</subfield>
  </datafield>
  <datafield tag="260" ind1=" " ind2=" ">
   <subfield code="c">2017</subfield>
  </datafield>
  <datafield tag="300" ind1=" " ind2=" ">
   <subfield code="a">376tr.</subfield>
  </datafield>
  <datafield tag="520" ind1=" " ind2=" ">
   <subfield code="a">Nhất Thống Sơn Hà vẽ lại toàn cảnh cuộc khởi nghĩa Tây Sơn, quá trình đánh đổ hai triều đại phong kiến: chúa Nguyễn Đàng Trong và chúa Trịnh Đàng Ngoài, thống nhất sơn hà sau hơn hai trăm năm chia cắt</subfield>
  </datafield>
  <datafield tag="650" ind1=" " ind2=" ">
   <subfield code="a">Vũ Thanh (Võ Quang Thanh); Văn học Việt Nam</subfield>
   <subfield code="v">Trường thiên tiểu thuyết</subfield>
   <subfield code="z">Thế kỷ 21; Tiểu thuyết lịch sử Việt Nam</subfield>
   <subfield code="z">Thế kỷ 21; Việt Nam</subfield>
   <subfield code="x">Lịch sử</subfield>
   <subfield code="y">Chúa Nguyễn, 1600-1802</subfield>
   <subfield code="v">Tiểu thuyết; Việt Nam</subfield>
   <subfield code="x">Lịch sử</subfield>
   <subfield code="y">Triều nhà Hậu Lê, 1428-1788</subfield>
   <subfield code="v">Tiểu thuyết; Việt Nam</subfield>
   <subfield code="x">Lịch sử</subfield>
   <subfield code="y">Triều nhà Tây Sơn, 1771-1802</subfield>
   <subfield code="v">Tiểu thuyết</subfield>
  </datafield>
  <datafield tag="856" ind1=" " ind2=" ">
   <subfield code="u">http://lrc.tdmu.edu.vn/opac/search/detail.asp?aID=2&amp;ID=30587</subfield>
  </datafield>
  <datafield tag="980" ind1=" " ind2=" ">
   <subfield code="a">Trung tâm Học liệu Trường Đại học Thủ Dầu Một</subfield>
  </datafield>
 </record>
</collection>
